000 00228nam a2200097Ia 4500
008 240331s9999 xx 000 0 und d
082 _bRAN
100 _aRanasinghe,A
245 0 _aAgainst eternity and darkness :
_bpoems
942 _cL
999 _c3346
_d3346